000 00306pam a2200145 a 4500
020 _c
041 _aeng
082 _bAGR
100 _aAgrawal DK.
245 _aStart your own Export Business
250 _a1995.
260 _aNew dehli :
_bHind Pocket books .
300 _a128 pg .
930 _a4108
999 _c81026
_d81026